000
00329 a2200157 4500
001
180332
020
_a
040
_c
Magnum
100
_a
-
240
1
0
_a
Joaozinho e maria/globo
_l
por
245
1
0
_a
Joaozinho e maria/globo
362
0
_a
1899
440
1
_a
Globo
697
_a
MAGNITO: IJ/AVENTURA, CRIANCAS
942
_c
BK
999
_c
180332
_d
180332